Score 0/32 Timer 03:00
0 Plays Today
Hint 4-Letter Word % Correct
Founding avenger: Tony Stark ↔ ___ Man•IRON•
96.3%
Founding Avenger: Bruce Banner ↔ ___•HULK•
84.5%
Opposite of futurePAST
82%
SpeedyFAST
81.2%
Aquatic creatureFISH
79.9%
Clenched handFIST
79.8%
Opposite of heavenHELL
78.1%
Disney film set inside a computerTRON
77.8%
Desire, sometimes granted by geniesWISH
77.7%
Show and ___TELL
76.7%
Founding avenger: ____ Pym ↔ Ant-Man•HANK•
76.4%
Found's antonymLOST
75.5%
Informal name of an animated showTOON
74.7%
Attractive manHUNK
73.2%
Main body of a shipHULL
73.1%
Swag, stolen goods, or moneyLOOT
72.2%
Hint 4-Letter Word % Correct
Founding Avenger: ___ Odinson ↔ ___•THOR•
71.9%
Dark greenish-blueTEAL
71.2%
With little lightDARK
69.9%
Fool, madmanLOON
69.7%
Section, piecePART
69.4%
RipTEAR
69.3%
Founding avenger: Janet van Dyne ↔ ___•WASP•
68.2%
Small streak of smokeWISP
65.6%
'___ she blows!'THAR
65.2%
Pub projectileDART
65%
Soggy and chillyDANK
63.9%
What you might do to a letterPOST
62.2%
CleanWASH
61.1%
Elegant, upper-classPOSH
59.1%
Run hurriedlyDASH
51.7%
Informal term for moneyDOSH
44.7%

Today's Daily Dose

Remove Ads.
Support Sporcle.
Get the best of Sporcle when you Go Orange. This ad-free experience offers more features, more stats, and more fun while also helping to support Sporcle. Thank you for becoming a member.

You're not logged in!

Compare scores with friends on all Sporcle quizzes.
OR
Log In

Show Comments

Extras

Top Quizzes Today


Score Distribution

Your Account Isn't Verified!

In order to create a playlist on Sporcle, you need to verify the email address you used during registration. Go to your Sporcle Settings to finish the process.

Report this User

Report this user for behavior that violates our Community Guidelines.

Details: